header

Knitting $Crocheting (Record no. 254196)

MARC details
000 -LEADER
fixed length control field 00327nam a22001337a 4500
003 - CONTROL NUMBER IDENTIFIER
control field OSt
005 - DATE AND TIME OF LATEST TRANSACTION
control field 20160527122322.0
008 - FIXED-LENGTH DATA ELEMENTS--GENERAL INFORMATION
fixed length control field 160527b xxu||||| |||| 00| 0 eng d
040 ## - CATALOGING SOURCE
Transcribing agency Rongo University College
050 ## - LIBRARY OF CONGRESS CALL NUMBER
Classification number TT 820 .K6963 2004
082 ## - DEWEY DECIMAL CLASSIFICATION NUMBER
Classification number TT 820 .K6963 2004
245 ## - TITLE STATEMENT
Title Knitting $Crocheting
942 ## - ADDED ENTRY ELEMENTS (KOHA)
Source of classification or shelving scheme Library of Congress Classification
Koha item type Long Loan Books
Holdings
Withdrawn status Lost status Source of classification or shelving scheme Damaged status Not for loan Collection code Home library Current library Shelving location Date acquired Total Checkouts Full call number Barcode Date last seen Price effective from Koha item type
    Library of Congress Classification     Non-fiction Rongo University Library Rongo University Library General Stacks 27/05/2016   TT 820 .K6963 2004 20089228 27/05/2016 27/05/2016 Long Loan Books

© 2026 Rongo University
Contact us: librarian | system librarian | Rongo university